Incontro con Giovanni Pugliese: 18 aprile 1991

Uloženo v:
Podrobná bibliografie
Médium: Kniha
Jazyk:italština
Vydáno: Milán Giuffrè 1992
Edice:Universita Degli Studi di Milano, 28
Témata:
Tagy: Přidat tag
Žádné tagy, Buďte první, kdo vytvoří štítek k tomuto záznamu!

MARC

LEADER 00000nam a2200000 a 4500
001 UCO5159
003 CL-VaPUC
008 000825e19920000IT |||||||||||||||||ita|d
082 0 4 |a 340.54  |b INC  |2 21 
245 1 0 |a Incontro con Giovanni Pugliese: 18 aprile 1991 
300 |a 146 p 
942 |c BK 
945 |d 20000825 00:00:00  |a cmena 
260 |a Milán  |b Giuffrè  |c 1992 
600 0 7 |a PLUGIESE, GIOVANNI  |2 CL-VaPUC  |9 449920 
650 0 |a Derecho romano  |9 255930 
583 |a last modification  |c 20000825 00:00:00  |k Rodrigo Vera 
490 0 |a Universita Degli Studi di Milano, 28 
999 |c 291110  |d 291108 
952 |0 0  |1 0  |4 0  |6 340_540000000000000_INC_1992  |7 0  |8 DER_ROM  |9 340800  |a BIBDER  |b BIBDER  |d 2019-11-20  |i 3592197  |o 340.54 INC 1992  |p 3592197  |r 2023-01-25  |w 2019-11-20  |x Ubicación 4to piso  |y BK  |z Este recurso debe solicitarse con anticipación  |k DER